000 00226nam a2200097Ia 4500
005 20251222175817.0
008 251222s9999||||xx |||||||||||||| ||spa||
082 _aDVD0070/C97/1999
245 0 _aDavid Copperfield :
942 _cDVD
999 _c40366
_d40366